LEADER 01145nam a2200277 4500 001 000000360243 003 CaOOAMICUS 005 20241011102649.0 008 241011s2010 gw 000 u ger r 020 $a978-3-406-46708-0 040 $aSeMil$bita 100 1 $aGraf, Friedrich Wilhelm,$d<1948- >.$0(OLS)http://semarc/name/120668 245 14$aDer Protestantismus :$bGeschichte und Gegenwart /$cFriedrich Wilhelm Graf. 250 $a2. überarb. Aufl. 264 1$aMünchen :$bC.H. Beck,$c2010. 300 $a128 p. ;$c18 cm 490 1 $aBeck'sche Reihe ;$v2108 650 4$aProtestantesimo.$0(OLS)http://semarc/subject/936 830 0$aBeck'sche Reihe ;$v2108.$0(OLS)http://semarc/title/8593 850 $aSeMil 852 $aSeMil$W1$xVenegono$y1$m2K III 333$j251538$B251269$CSeMilBibl$Z2$F251269 $81 961 $aBuzzi mons. Franco - Omaggio 996 $6020$a978-3-406-46708-0$9(OLS)http://semarc/number/301488 996 $6245$aDer Protestantismus :$bGeschichte und Gegenwart$9(OLS)http://semarc/title/450718 996 $6264$aMünchen :$bC.H. Beck$9(OLS)http://semarc/publisher/61979 LEADER 01028nam a2200205 i 4500 001 000000187410 003 CaOOAMICUS 005 20221005104202.0 008 100316s1954 it u000 u ita u 040 $aSeMil$bita 245 10$aPreghiera e poesia :$batti del secondo convegno internazionale per la pace e la civiltà cristiana : Firenze, 21-27 giugno 1953. 260 $aFirenze :$bTip. L'impronta,$c1954. 300 $a207 p. ;$c25 cm. 650 4$aPreghiera - Poesia.$0(OLS)http://semarc/subject/25169 711 0 $aConvegno Internazionale per la Pace e la Civiltà Cristiana <2. ; Firenze ; 1953>.$0(OLS)http://semarc/name/116593 850 $aSeMil 852 $aSeMil$W1$xVenegono$y1$m3F III 83$j138097$B138097$CSeMilBibl$Z2$F149564 $81 996 $6245$aPreghiera e poesia :$batti del secondo convegno internazionale per la pace e la civiltà cristiana : Firenze, 21-27 giugno 1953$9(OLS)http://semarc/title/269588 996 $6260$aFirenze :$bTip. L'impronta$9(OLS)http://semarc/publisher/50007